000
00410nam a2200133Ia 4500
008
151001s9999||||xx |||||||||||||| ||und||
100
_a
कृष्णा भोगे
245
_a
भारतीय राज्यघटना
250
_a
2
260
_b
साकेत प्रकाशन प्रा लि औरंगाबाद
260
_c
२०१३
300
_a
208
365
_b
22
999
_c
1002091
_d
1002088